TOP 10 musiques fr les plus streamés sur ytb - Statistiques

Statistiques générales
  • Ce quiz a été pris 23 fois
  • Le résultat moyen est 3 sur 9
Statistiques - réponses
Hint Réponse % Correct
1000 Aya Nakamura - Djadja
50%
1381 Indila - Dernière danse
50%
650 GIMS - Bella
44%
1172 Stromae - Papaoutai
44%
662 Aya Nakamura- Copines
17%
658 GIMS & Niska - Sapés comme jamais
17%
1177 Willy William - Ego
17%
791 L'Algerino - Les Menottes
11%
629 Vegedream - Ramenez la coupe a la maison
6%
Aucun quiz correspondant
Distribution des résultats
% des personnes avec chaque résultat
Percentile par nombre de réponses
Votre historique - résultats
Vous n’avez pas pris ce quiz